000 00500nam a2200181Ia 4500
005 20230323105956.0
008 230125s9999 xx 000 0 und d
041 _aeng
082 _a658.15
_bGUR
100 _aGurusamy S
245 _aMerchant banking and financial services
260 _c2005
_bThomson publication
_aNew Delhi
300 _a462p
500 _aFinancial services;Merchant banking
650 _aFinancial services;Merchant banking
_9180799
700 _aGurusamy S
942 _cDB
999 _c92258
_d92258